000
00404nam a22001217a 4500
040
_c
HS
082
_a
631
100
_a
អ៊ឹម ឈួន
245
_a
លំនាំនៃការវិភាគដី ជាធម្មតាក្នុងធរណីសាស្ត្រ guide des analysis courantes en pedologie
260
_a
NA
_b
អ៊ឹម ឈួន
_c
1989
300
_a
202p;
942
_c
KB
999
_c
8854
_d
8854